Giáo trình hệ thống tài khoản quốc gia SNA
Trình bày những vấn đề cơ bản của hệ thống tài khoản quốc gia (SNA). Giới thiệu tài khoản sản xuất, tài khoản thu nhập và chi tiêu, tài khoản vốn tài sản - tài chính, tài khoản quan hệ kinh tế với nước ngoài, bảng vào - ra, có kèm theo tóm t...
Tallennettuna:
| Päätekijä: | |
|---|---|
| Muut tekijät: | |
| Aineistotyyppi: | Kirja |
| Kieli: | Vietnamese |
| Julkaistu: |
H.
Đại học kinh tế quốc dân
2007
|
| Aiheet: | |
| Tagit: |
Lisää tagi
Ei tageja, Lisää ensimmäinen tagi!
|
| Thư viện lưu trữ: | Thư viện Trường Đại học Nam Cần Thơ |
|---|
| LEADER | 01281aam a22002058a 4500 | ||
|---|---|---|---|
| 001 | NCT_19835 | ||
| 008 | 160713s2016 ||||||viesd | ||
| 999 | |c 942 |d 942 | ||
| 020 | |c 20000 | ||
| 082 | 0 | 4 | |2 23rd ed. |a 339.32 |b Ph513 |
| 100 | 1 | |a Vũ Thị Ngọc Phùng |e Chủ biên | |
| 245 | 1 | 0 | |a Giáo trình hệ thống tài khoản quốc gia SNA |c Vũ Thị Ngọc Phùng, Nguyễn Quỳnh Hoa (đồng chủ biên) |
| 260 | |a H. |b Đại học kinh tế quốc dân |c 2007 | ||
| 300 | |a 167 tr. |c 19 cm | ||
| 520 | 3 | |a Trình bày những vấn đề cơ bản của hệ thống tài khoản quốc gia (SNA). Giới thiệu tài khoản sản xuất, tài khoản thu nhập và chi tiêu, tài khoản vốn tài sản - tài chính, tài khoản quan hệ kinh tế với nước ngoài, bảng vào - ra, có kèm theo tóm tắt, câu hỏi ôn tập sau mỗi chương | |
| 653 | |a Tài chính - Ngân hàng | ||
| 700 | 1 | |a Nguyễn Quỳnh Hoa |e Chủ biên | |
| 942 | |2 ddc |c BK | ||
| 952 | |0 0 |1 0 |2 ddc |4 0 |6 339_320000000000000_PH513 |7 0 |9 6377 |a 000001 |b 000001 |d 2018-01-22 |o 339.32 Ph513 |p MD.05599 |r 2018-01-22 |v 20000.00 |w 2018-01-22 |y BK | ||
| 980 | |a Thư viện Trường Đại học Nam Cần Thơ | ||